| 000 | 00453pam a2200157 i 4500 | ||
|---|---|---|---|
| 999 |
_c15544 _d15544 |
||
| 003 | OSt | ||
| 008 | 790813s1980 ctua b 001 0 eng | ||
| 020 | _a0870553275 | ||
| 082 | 0 | 0 |
_a621.302363 _bGUS/FU |
| 100 | 1 |
_aGustafson, Robert J. _94020 |
|
| 245 | 1 | 0 | _aFundamentals of electricity for agriculture / |
| 260 |
_aWestport, Conn. : _bAvi Pub. Co., _cc1980. |
||
| 300 |
_ax, 293 p. : _bill. ; |
||
| 650 | 0 |
_aElectricity in agriculture. _94021 |
|
| 942 | _cBK | ||